California Dreaming - Lyrics - Statistics

General Stats
  • This quiz has been taken 203 times
  • The average score is 10 of 14
Answer Stats
lyrics % Correct
California {dreaming}
99%
On such a {winter's} {day}
92%
And the {sky} is {grey}
91%
{On} {a} winter's day
89%
All the {leaves} are {brown}
87%
I've been for {a} {walk}
82%
If I {was} in {L.A.}
78%
Well, I got {down} on my {knees}
78%
I passed {along} the {way}
74%
I'd be {safe} and {warm}
70%
Stopped {into} a {church}
66%
He {knows} I'm gonna {stay}
54%
And I {pretend} to {pray}
42%
You know the {preacher} likes the {cold}
37%
No matching quizzes found
Score Distribution
Percent of People with Each Score
Percentile by Number Answered
Your Score History
You have not taken this quiz